000 00906nam a22002897a 4500
001 9415
003 FISKH
005 20260106102749.0
008 260106b cb ||||| |||| 00| 0 eng d
020 _a9780875349527
040 _aFISKH
_beng
_cFISKH
_dFISKH
050 _aPZ7
082 _a793.74
100 _aO'Hare, Jeff
_eAuthor
245 _aMathmania /
_cCover illustration by Rocky Fuller
260 _aOhio :
_bHighlights for children Inc. ,
_c1999
300 _a51 pages :
_bcolor illustrations ;
_c26 cm
505 _aP
520 _aAll the skiers have chosen their weight as their number. Each lift can take up 300 pounds. Pair the skiers to help them reach the slope.
521 8 _a600
_bLexile estimate
521 8 _aP
_bRaz-Plus
650 _aMath
_vPuzzle
650 _aHints
_vBright ideas
700 _aFuller, Rocky
_eIllustrator
942 _2ddc
_cBK
_n0
999 _c9415
_d9415